000 00363nam a2200145Ia 4500
008 221030s9999 xx 000 0 und d
041 _aEnglish
082 _a105.23
_bGup
100 _aP. P. Gupta
245 0 _aEngineeing Mathematics
_cby P. P. Gupta
260 _bKrishna Prakashan
_aNew Delhi
_c1995
300 _a8.76
650 _aBE Mathematics
942 _cBK
999 _c7033
_d7033